000 00287nam a22001217a 4500
008 160426b xxu||||| |||| 00| 0 eng d
020 _a9780763747350
020 _a0763747351
041 _aeng
080 _a618.2
245 _aNursing athics:
_cJanie Butts; Karen Rich;
942 _2udc
_cBK
999 _c1607
_d1607